| 000 | 00557nam a22001817a 4500 | ||
|---|---|---|---|
| 003 | OSt | ||
| 008 | 260502b |||||||| |||| 00| 0 eng d | ||
| 020 | _a9789364400916 | ||
| 082 |
_a595.7 _bC36C |
||
| 100 | _aChandel, R.S. | ||
| 245 | _aClassification and Biology of Insects/ by R.S. Chandel, R.S; Anil Jakhar and Himanshu Thakur | ||
| 260 |
_aLudhiana: _bKalyani Publishers; |
||
| 300 | _a256 p. | ||
| 650 | _aPure Sciences | Zoological sciences | Entomology | Insects | ||
| 700 | _aJakhar , Anil | ||
| 700 | _aThakur, Himanshu | ||
| 942 |
_2ddc _cBK |
||
| 999 |
_c50365 _d50365 |
||